• 首页
  • 本馆介绍
  • 公告通知
  • 最新文献
  • 馆藏检索
  • 电子资源
  • 读者导购
  • 参考咨询
  • 我的图书馆
  • 登录
  • 详细信息显示
  • 放入我的书架
  • 预约/预借图书
  • 作者相关作品
  • 分类相关作品
  • 丛书相关作品
  • 出版社相关作品

书目信息

  • 表格格式
  • 工作单格式
  • 卡片格式
题名:
最后的呐喊
    
 
作者: 杨呈胜 著
分册:  
出版信息: 南京   江苏人民出版社  1998
页数: 163页
开本: 19cm
丛书名: 新编中国近代史
单 册:
中图分类: K256.7
科图分类:
主题词: 义和团运动--史料
电子资源:
ISBN: 7-214-02095-5
000 00692nam2 2200241 45
001 0198034147
005 20050315143715.7
010    @a7-214-02095-5@dCNY10.00
100    @a19980620d1998 em y0chiy0121 ea
101 0  @achi
102    @aCN@b320000
105    @af z 000yy
200 10 @a最后的呐喊@Azui hou de na han@e义和团运动@f杨呈胜著@FYang Cheng Sheng Zhu
210    @a南京@c江苏人民出版社@d1998
215    @a163页@c图@d19cm
225 2  @a新编中国近代史
410  0 @120010@a新编中国近代史
517 1  @a义和团运动@Ayi he tuan yun dong
606    @a义和团运动@x史料
690    @aK256.7@v4
701  0 @a杨呈胜@4著
801  0 @aCN@bNLC@c19980706
905    @f6@b344358-363@dK256.7@e30
    
    最后的呐喊:义和团运动/杨呈胜著.-南京:江苏人民出版社,1998
    163页:图;19cm.-(新编中国近代史)
    
    
    ISBN 7-214-02095-5:CNY10.00
    
●
相关链接 在E读中查询图书 在五车中查询图书 在当当中查询图书 在豆瓣中查询图书


正题名:最后的呐喊     索取号:K256.7/30         预约/预借

序号 登录号 条形码 馆藏地/架位号 状态 备注
1 0344358   203443586   第二样本阅览室/ [索取号:K256.7/30] 在馆    
2 0344359   203443595   第二借阅区/ [索取号:K256.7/30] 在馆    
3 0344360   203443602   第二借阅区/ [索取号:K256.7/30] 在馆    
4 0344361   203443611   第二借阅区/ [索取号:K256.7/30] 在馆    
5 0344362   203443620   第二借阅区/ [索取号:K256.7/30] 在馆    
6 0344363   203443639   第二借阅区/ [索取号:K256.7/30] 在馆    
唐山师范学院图书馆 欢迎您!
大连网信软件有限公司© 版权所有